GD Song Creators - Statistics

General Stats
  • This quiz has been taken 24 times
  • The average score is 17 of 22
Answer Stats
Hint Answer % Correct
Time Machine Waterflame
89%
Clutterfunk Waterflame
89%
Electroman Adventures Waterflame
89%
Hexagon Force Waterflame
89%
Blast Processing Waterflame
89%
Geometrical Dominator Waterflame
89%
Back on Track DJVI
84%
Stereo Madness Forever Bound
84%
Jumper Waterflame
84%
Clubstep Dj-Nate
79%
Dry Out DJVI
79%
Base After Base DJVI
79%
Can't Let Go DJVI
79%
Cycles DJVI
79%
xStep DJVI
79%
Deadlocked F-777
79%
Theory of Everything Dj-Nate
74%
Electrodynamix Dj-Nate
74%
Theory of Everything 2 Dj-Nate
74%
Fingerdash MDK
68%
Dash MDK
68%
Polargeist Step
42%
No matching quizzes found
Score Distribution
Percent of People with Each Score
Percentile by Number Answered
Your Score History
You have not taken this quiz